000 00506nam a2200205Ia 4500
999 _c31012
_d31012
003 0100
005 20170428093312.0
008 130303s9999 xx 000 0 und d
020 _a058264562X
040 _cARRUPELIB
050 _aDT963.42R62 1973
100 _aRoberts, Andrew D
_930072
245 2 _aA history of the Bemba
245 _bpolitical growth and change in north eastern Zambia before 1900
260 _bLongmans
_aLondon
_c1973
300 _axxxiv
300 _b 420p. 22cm.
650 _aBemba (African people)
_xHistory
_930073
942 0 0 _02
_2lcc
_cMONOGRAPH